| 000 | 00694cam a22002174a 4500 | ||
|---|---|---|---|
| 001 | 12587523 | ||
| 005 | 20241108114428.0 | ||
| 008 | 011113s2002 caua 001 0 eng | ||
| 020 | _a9780534374846 | ||
| 050 | 0 | 0 |
_aQA76.73.C153 _bH457 2003 |
| 082 | 0 | 0 |
_a005.13/3 _221 |
| 100 | 1 | _aHennefeld, Julien | |
| 245 | 1 | 0 |
_aUsing C++ : _ban introduction to programming / _cJulien Hennefeld, Laura Baker, Charles Burchard. |
| 250 | _a2nd ed. | ||
| 260 |
_aPacific Grove, CA : _bBrooks/Cole Thomson Learning, _c2003. |
||
| 300 |
_axvii, 670 p. : _bill. ; _c24 cm. |
||
| 650 | 0 | _aC++ (Computer program language) | |
| 700 | 1 | _aBaker, Laura. | |
| 700 | 1 | _aBurchard, Charles. | |
| 942 |
_2lcc _cBK _e2nd Ed. _n0 |
||
| 999 |
_c865 _d865 |
||